Effect of certain fungicides on the incidence and severity of Colletotrichum leaf disease of immature rubber (Record no. 57737)

MARC details
000 -LEADER
fixed length control field 01881nam a2200181Ia 4500
100 ## - MAIN ENTRY--AUTHOR NAME
Personal name Prem E E
245 #0 - TITLE STATEMENT
Title Effect of certain fungicides on the incidence and severity of Colletotrichum leaf disease of immature rubber
260 ## - PUBLICATION, DISTRIBUTION, ETC. (IMPRINT)
Name of publisher Placrosym XVII, 2006, Kochi, India. Journal of Plantation Crops, 34 (3). Indian Cardamom Research Institute (Spices Board), Idukki, India, pp.467-471.
520 ## - SUMMARY, ETC.
Summary, etc Colletotrichum leaf disease (CLD) of rubber caused by Colletotrichum acutatum and C. gloeosporioides affect the young foliage of nursery and immature rubber plants (Hevea brasiliensis). Field studies were undertaken to assess the distribution of the two Colletotrichum species in the immature rubber plants. Propiconazole and SAAF (a combination product of mancozeb and carbendazim), which were selected based on the in vitro screening, were evaluated in the field during 2001, 2002, and 2003 seasons. On immature plants of the clone RRII 105, the incidence of C. acutatum and C. gloeosporioides was uniformly distributed. Propiconazole and SAAF completely inhibited the mycelial growth at 100 ppm and spore germination at 250 ppm. No variations in the sensitivity of fungicides were observed between the two Colletotrichum spp. Field studies showed that the fungicides SAAF (0.075;) and propiconazole (0.012;) were equally effective in checking the incidence and severity of CLD and was comparable to hexaconazole (0.02;), mancozeb (0.2;) and carbendazim (0.05;). The cost comparison studies clearly indicated that the fungicides SAAF (0.075;) and propinconazole (0.012;) are economic and can be used for the management of CLD in immature rubber.
650 ## - SUBJECT ADDED ENTRY--TOPICAL TERM
Topical Term Colletotrichum
650 ## - SUBJECT ADDED ENTRY--TOPICAL TERM
Topical Term Leaf disease control
650 ## - SUBJECT ADDED ENTRY--TOPICAL TERM
Topical Term Propiconazole
650 ## - SUBJECT ADDED ENTRY--TOPICAL TERM
Topical Term SAAF
700 ## - ADDED ENTRY--PERSONAL NAME
Personal name Jacob C K
700 ## - ADDED ENTRY--PERSONAL NAME
Personal name Mushrif S K
942 ## - ADDED ENTRY ELEMENTS (KOHA)
Koha item type Journals
Holdings
Withdrawn status Lost status Damaged status Not for loan Home library Current library Shelving location Date acquired Koha item type
      Journals RRII Library RRII Library Mycology 16/01/2007 Journals